LEADER 01234nam--2200361---450- 001 990001073760203316 005 20020506111409.0 010 $a88-481-0123-2 035 $a000107376 035 $aUSA01000107376 035 $a(ALEPH)000107376USA01 035 $a000107376 100 $a20020429d1995----km-y0enga50------ba 200 1 $aManuale delle preparazioni galeniche$earte del preparare e attrezzature per oltre 1000 formulazioni magistrali, officinali, fitoterapiche e omeopatiche$fFranco Bettiol 210 $aMilano$cTecniche Nuove$d1995 215 $aXII, 389 p.$d26 cm 225 2 $aMedicina naturale 410 1$12001$aMedicina naturale 606 0 $aPreparati galenici 676 $a615.4 700 1$aBETTIOL,$bFranco$0445348 912 $a990001073760203316 951 $a615.4 BET$b3020 Far$c615.4$d00081729 959 $aBK 969 $aFAR 979 $aSTELLA$b10$c20020429$lUSA01$h1652 979 $aSTELLA$b10$c20020429$lUSA01$h1656 979 $aSTELLA$b10$c20020429$lUSA01$h1706 979 $aCHIARA$b90$c20020506$lUSA01$h1112 979 $aCHIARA$b90$c20020506$lUSA01$h1114 979 $aPATRY$b90$c20040406$lUSA01$h1714 996 $aManuale delle preparazioni galeniche$995944 997 $aUNISA LEADER 03167nam 2200541 450 001 9910798234503321 005 20230807211620.0 010 $a3-8428-3591-4 035 $a(CKB)3710000000636513 035 $a(EBL)4455532 035 $a(MiAaPQ)EBC4455532 035 $a(Au-PeEL)EBL4455532 035 $a(CaPaEBR)ebr11177534 035 $a(OCoLC)945873963 035 $a(EXLCZ)993710000000636513 100 $a20160407h20152015 uy 0 101 0 $ager 135 $aur|n|---||||| 181 $2rdacontent 182 $2rdamedia 183 $2rdacarrier 200 10$aErfolgreiche Personalfu?hrung der generationen Y und Z $emitarbeiterpra?ferenzen und ihre auswirkungen auf den Fu?hrungserfolg /$fStefan Frankowski 210 1$aHamburg, [Germany] :$cDiplomica Verlag,$d2015. 210 4$d©2015 215 $a1 online resource (87 p.) 300 $aDescription based upon print version of record. 311 $a3-8428-8591-1 320 $aIncludes bibliographical references. 327 $aErfolgreiche Personalfu?hrung der Generationen Y und Z: Mitarbeiterpra?ferenzen und ihre Auswirkungen auf den Fu?hrungserfolg; Inhaltsverzeichnis; Abbildungs- & Tabellenverzeichnis; Abku?rzungsverzeichnis; 1. Einleitende Betrachtung; 1.1. Problemstellung; 1.2. Zielsetzung; 1.3. Vorgehen; 2. Ansa?tze erfolgreicher Fu?hrung durch das Verhalten der Fu?hrungskraft; 2.1. Einfluss des Fu?hrungsverhaltens auf den Fu?hrungserfolg; 2.2. Forschungen zur Unterscheidung des Verhaltens von Vorgesetzten; 2.3. Konzepte fu?r erfolgreiches Fu?hrungsverhalten; 2.3.1. Klassische Ansa?tze aus der Fu?hrungsforschung 327 $a2.3.2. Modernere Konzepte aus Lehrbu?chern2.3.3. Praxisnahe Ansa?tze aus Managementliteratur; 3. Auswirkungen vera?nderter Pra?ferenzen auf die Personalfu?hrung; 3.1. Generationen weisen unterschiedliche Pra?ferenzen auf; 3.2. Probleme der Unterscheidung von Pra?ferenzen nach Generationen; 3.3. Bedeutung der unterschiedlichen Generationen fu?r Unternehmen; 3.4. Ableitung der Pra?ferenzen ku?nftiger Generationen; 3.4.1. Generation Y; 3.4.2. Generation Z; 3.5. Mitarbeiterpra?ferenzen und ihre Relevanz fu?r den Fu?hrungserfolg; 3.6. Eignung der Fu?hrungsansa?tze zur Fu?hrung der ku?nftigen Generationen 327 $a4. Empfehlungen zum Verhalten in der Praxis4.1. Kombination von transaktionaler und transformationaler Fu?hrung; 4.2. Handlungsfelder der Unternehmensleitung; 5. Abschlussbetrachtung; 5.1. Kritische Reflektion der Ergebnisse; 5.2. Verbleibender Forschungsraum; Literaturverzeichnis 606 $aYoung adults$xEmployment 606 $aPersonnel management 606 $aGeneration Y$xEmployment 606 $aEmployee motivation 615 0$aYoung adults$xEmployment. 615 0$aPersonnel management. 615 0$aGeneration Y$xEmployment. 615 0$aEmployee motivation. 676 $a331.34 700 $aFrankowski$b Stefan$01553937 801 0$bMiAaPQ 801 1$bMiAaPQ 801 2$bMiAaPQ 906 $aBOOK 912 $a9910798234503321 996 $aErfolgreiche Personalfu?hrung der generationen Y und Z$93814813 997 $aUNINA LEADER 03567nam 22007215 450 001 9910349536503321 005 20240322000151.0 010 $a9783030194666 010 $a3030194663 024 7 $a10.1007/978-3-030-19466-6 035 $a(CKB)4100000008736980 035 $a(MiAaPQ)EBC5831091 035 $a(DE-He213)978-3-030-19466-6 035 $a(Perlego)3491365 035 $a(EXLCZ)994100000008736980 100 $a20190717d2019 u| 0 101 0 $aeng 135 $aurcnu|||||||| 181 $ctxt$2rdacontent 182 $cc$2rdamedia 183 $acr$2rdacarrier 200 14$aThe Creation of the East Timorese Economy $eVolume 1: History of a Colony /$fby Mats Lundahl, Fredrik Sjöholm 205 $a1st ed. 2019. 210 1$aCham :$cSpringer International Publishing :$cImprint: Palgrave Macmillan,$d2019. 215 $a1 online resource (323 pages) $cillustrations 225 1 $aPalgrave Studies in Economic History,$x2662-6500 311 08$a9783030194659 311 08$a3030194655 327 $a1. 'Where the Sandalwood Is Born': East Timor until the Mid-Eighteenth Century -- 2. The Two Last Centuries of Portuguese Domination -- 3. The Indonesian Occupation -- 4. The Economy under Occupation -- 5. Launching a New State -- 6. Conclusions. 330 $aThis two-volume study explores the economy of East Timor, of which very little has been written since the country gained independence in 2002. Currently, no comprehensive account exists of the economic history of the country. The former cannot be properly understood without a knowledge of the historical process that created the present-day situation. This research monograph is the first book to combine a historical analysis of the creation and development of the economy of East Timor from the earliest times to the present, and an analysis of the main contemporary problems facing the East Timorese economy. Volume I considers East Timor from a chronological perspective, as an occupied country up to the point at which Indonesia leave. This book will appeal to scholars and students of economics, political and social science. It will also be of interest to practitioners in these fields as it focuses on down-to-earth problems that need to be solved for the economy todevelop. 410 0$aPalgrave Studies in Economic History,$x2662-6500 606 $aEconomic history 606 $aAsia$xHistory 606 $aDevelopment economics 606 $aPolitical science 606 $aEconomic development 606 $aPower resources 606 $aEconomic History 606 $aAsian History 606 $aDevelopment Economics 606 $aPolitical Science 606 $aDevelopment Studies 606 $aNatural Resource and Energy Economics 615 0$aEconomic history. 615 0$aAsia$xHistory. 615 0$aDevelopment economics. 615 0$aPolitical science. 615 0$aEconomic development. 615 0$aPower resources. 615 14$aEconomic History. 615 24$aAsian History. 615 24$aDevelopment Economics. 615 24$aPolitical Science. 615 24$aDevelopment Studies. 615 24$aNatural Resource and Energy Economics. 676 $a330.95986 676 $a330.95987 700 $aLundahl$b Mats$4aut$4http://id.loc.gov/vocabulary/relators/aut$0129849 702 $aSjöholm$b Fredrik$4aut$4http://id.loc.gov/vocabulary/relators/aut 906 $aBOOK 912 $a9910349536503321 996 $aThe Creation of the East Timorese Economy$91922965 997 $aUNINA